000 01613cam a22003015a 4500
001 L152670
002 18494
008 110411s2010 xxk f 001 0 eng d
020 _a9780414044951
035 _a(Sirsi) u152670
041 0 _aeng
050 0 4 _a344.410462
_c18
100 1 _aBailey, S.H.
245 0 0 _aGarners law of sewers and drains
250 _a10th ed.
260 _aLondon
_Sweet & Maxwell
_c2010.
300 _alxii. illus. 308p. $2 2cm.
505 2 _aIntroductory -- Ownership of sewers -- Construction of public sewers -- Construction of sewers by private individuals -- Maintenance and use o public sewers -- Highway drains -- Sewage disposal and sewage disposal works -- The discharge of sewage effluents -- Drainage of premises -- Sanitary conveniences -- Procedures.
520 _aThis publication deals with the complex and obscure legistation relating o sewers and drains. The 10th edition focuses o new primary legislation affecting water and sewerage untertakers including the parts of the Flood and Water Management Act 2010 relating to infrastructure providers and the adoptio of sustainable drainage systems. Also, includes information regarding the Environmental Permitting (England and Wales) Regulations 2010 and the scope of the Marcic decision in restricting common law claims in nuisance against sewerage undertakers.
520 _aSupersedes 9th ed. ISBN# 0721905846
521 _aAdvanced
650 2 4 _aDRAINAGE
650 2 4 _aWATER
650 2 4 _aWATER RESOURCES ACT 1991
650 2 4 _aWATER INDUSTRY ACT 1991
651 4 _aENGLAND AND WALES
942 _n0
999 _c112160
_d112160